| 000 | 01293nam a2200325 a 4500 | ||
|---|---|---|---|
| 001 | BRCA_3070 | ||
| 005 | 20190320204109.0 | ||
| 008 | 260109s1810----fr-#---###---#000-0#fre-u | ||
| 041 | _afre | ||
| 044 | _afr | ||
| 084 |
_a376 _b.B75 _c1810 |
||
| 100 | 1 |
_aCervantes Saavedra, Miguel de _d1547-1616 _9213 |
|
| 245 | 1 | 0 |
_aDon Quichotte de la Manche _cMiguel de Cervantes Saavedra. |
| 260 |
_aParís _bBriand _c1810 |
||
| 300 |
_a1 vol. _c14 cm. |
||
| 500 | _aContenido : Primera parte. Advertencia del traductor. Prólogo del autor. Texto. Segunda parte. Texto | ||
| 500 | _aEdición : Traduit de l´Espagnol de Michel de Cervantes par Florian. Ouvrage posthume. Avec figures | ||
| 500 | _aEdición igual al LO-375 Lúdovik Osterc | ||
| 500 | _aEstado físico : En esta edición faltan los volúmenes IV, V y VI | ||
| 500 | _aQMB84 | ||
| 546 | _aTexto en : francés | ||
| 650 | 1 | 4 |
_aNovela española _yÉpoca clásica, 1500-1700 _9215 |
| 650 | 1 | 4 |
_aLiteratura española _yÉpoca clásica, 1500-1700 _9216 |
| 650 | 1 | 4 |
_aNovela española _ySiglo XVII _9217 |
| 650 | 1 | 4 |
_aDon Quijote (Personaje ficticio) _eNovela _9218 |
| 700 | 1 |
_aFlorian, Jean-Pierre Claris de _d1755-1794 _eTraductor _98395 |
|
| 740 | 0 | _aEl Ingenioso Hidalgo Don Quijote de la Mancha | |
| 902 | _aQFM | ||
| 942 |
_2lcc _cB |
||
| 999 |
_c2806 _d2806 |
||